Quiz o Drużynowych Mistrzostwach Polski na żużlu - Statystyki

Ogólne statystyki
  • Ten quiz został rozwiązany 117 razy
  • Średni wynik to 5 z 14
Statystyki odpowiedzi
Zagadnienie Odpowiedź % Poprawnych
W 2013 roku doszło do dosyć kontrowersyjnej sytuacji gdzie zawodnicy Stali Rzeszów odmówili wystąpienia w meczu przeciwko Unii Leszno, gdyż ich zdaniem tor był nieregulaminowy. Co się stało dalej? mecz się odbył lecz zawodnicy Stali nie pojechali w żadnym wyścigu, a mecz zakończył się wynikiem 75:0
71%
Która z wymienionych drużyn najpóźniej wygrała pierwsze Drużynowe Mistrzostwo Polski Unia Tarnów
71%
W którym roku zostało odebrane Unii Leszno Drużynowe Mistrzostwo Polski? 1984
57%
Zawodnicy, którego kraju byli najskuteczniejsi w pojedynczym sezonie (wykluczając Polskę) Dania
43%
Dlaczego Unii Leszno zostało odebrane mistrzostwo? ponieważ GKSŻ uznała, że zachowanie Unii w ostatniej kolejce sezonu przeciwko Stali Rzeszów za niesportowe i odebrała tytuł
43%
Dlaczego w 2017 roku ROW Rybnik spadł do Ekstraligi? ponieważ odebrano im punkty, gdyż wykryto w trakcie sezonu, że Grigorij Łaguta stosował doping przez co spadli z ligi
43%
W którym roku (nie licząc odebranego tytułu) Unia Leszno wyrównała liczbę mistrzostw Polski ROW-u Rybnik 2007
29%
Które z zdań jest prawdziwe na temat Ekstraligi Najskuteczniejszym zawodnikiem w pojedynczym sezonie był Nicki Pedersen
29%
Która drużyna wygrała jako pierwsza Ekstraligę (rok 2000)? Polonia Bydgoszcz
29%
Która z wymienionych drużyn ma najwięcej medali Drużynowych Mistrzostw Polski Stal Gorzów Wielkopolski
29%
Który zawodnik w historii Drużynowych Mistrzostw Polski jest najbardziej utytułowanym zawodnikiem Stanisław Tkocz
29%
Ile łącznie drużyn w historii rywalizowało o Drużynowe Mistrzostwo Polski 36
14%
Która z wymienionych drużyn wystąpiła w największej liczbie sezonów Drużynowych Mistrzostw Polski Kolejarz Opole
14%
Który z zawodników (obecnie jeżdżących) jest najbardziej utytułowanym zawodnikiem DMP Piotr Protasiewicz
0%
Nie znaleziono quizów pasujących do podanych kryteriów
Rozkład punktacji
Procent ludzi z każdym wynikiem
Percentyl według liczby udzielonych odpowiedzi
Twoja historia wyników
Nie rozwiązałeś tego quizu